LEADER 00849nam0-2200313---450- 001 990008512250403321 005 20070824092552.0 010 $a2-02-036174-4 035 $a000851225 035 $aFED01000851225 035 $a(Aleph)000851225FED01 035 $a000851225 100 $a20070518d2004----km-y0itay50------ba 101 0 $afre 102 $aFR 105 $ay---a---001yy 200 1 $a<>siècle de la presse$e1830-1939$fChristophe Charle 210 $aParis$cSeuil$d2004 215 $a399 p.$d21 cm 610 0 $aGiornali francesi$a1830-1939 676 $a074 700 1$aCharle,$bChristophe$f<1951- >$0173220 801 0$aIT$bUNINA$gRICA$2UNIMARC 901 $aBK 912 $a990008512250403321 952 $a074 CHA 1$bFil.mod.13314$fFLFBC 959 $aFLFBC 996 $aSiècle de la presse$9732442 997 $aUNINA LEADER 00925nam0-2200313 --450 001 9910738800103321 005 20240916103927.0 010 $a978-88-425-5750-0 020 $aIT$b91-2429 100 $a20230906d1988----kmuy0itay5050 ba 101 1 $aita 102 $aIT 105 $a 001yy 200 1 $aDomande fondamentali della filosofia$eselezione di problemi della logica$fMartin Heidegger 210 $aMilano$cMursia$d©1988 215 $a175 p.$d23 cm 225 1 $aBiblioteca di filosofia. Testi$v13 300 $aTrad. di Ugo Maria Ugazio 610 0 $aVerità 676 $a111.83$v19 700 1$aHeidegger,$bMartin$010351 801 0$aIT$bUNINA$gREICAT$2UNIMARC 901 $aBK 912 $a9910738800103321 952 $aDFT A92.23 HEIM 33$fFLFBC 952 $aDAM A92.23 HEIM 29$b2024/5979$fFLFBC 959 $aFLFBC 996 $aDomande fondamentali della filosofia$9133046 997 $aUNINA